Geography Quiz

Random Geography or City Quiz

Districts of Azerbaijan (map) Quiz Stats

 Plays Quiz not verified by Sporcle

Support Sporcle.
Go Orange.
Score 0/79 Timer 15:00
0 Plays Today
% Correct
✪ Bakı (Baku)
93.3%
★ Gəncə
82.5%
Şəki
78.4%
★ Şəki
78.4%
Quba
78%
★ Naxçıvan
77.3%
Qax
77.1%
★ Şuşa
76.9%
Şuşa
76.1%
Lənkəran
74%
★ Lənkəran
74%
Abşeron
73.4%
Ağdam
71.9%
★ Sumqayıt
71.5%
★ Xankəndi
71.3%
Culfa
71.1%
Oğuz
70.9%
Astara
70.9%
Qəbələ
70.7%
Füzuli
69.9%
Qusar
69.4%
Qazax
69.4%
Tovuz
68.8%
★ Şirvan
68.6%
Şəmkir
68.4%
Yevlax
68.2%
★ Yevlax
68.2%
Ağstafa
68%
Ağsu
68%
İsmayıllı
67.8%
Ordubad
67.8%
★ Mingəçevir
67.6%
Tərtər
67.6%
Xızı
67.4%
Samux
66.5%
Göygöl
66.5%
Şamaxı
66.5%
Balakən
66.1%
Xaçmaz
66.1%
Lerik
66.1%
% Correct
Bərdə
65.3%
★ Naftalan
65.1%
Ağdaş
65.1%
Babək
65.1%
Goranboy
64.7%
Cəlilabad
64.4%
Zaqatala
64.2%
Göyçay
64.2%
Ucar
64%
Şabran
63.8%
★ Şabran
63.8%
Qobustan
63.8%
Saatlı
63.8%
Masallı
63.4%
İmişli
63.2%
Qubadlı
62.6%
Şərur
62%
Neftçala
60.9%
Cəbrayıl
60.9%
Zəngilan
60.7%
Salyan
59.9%
Gədəbəy
59.5%
Biləsuvar
58.8%
Xocalı
58.6%
Hacıqabul
57.8%
Sədərək
57.4%
Laçın
57%
Sabirabad
56.8%
Kəlbəcər
56.8%
Beyləqan
56.5%
Şəhbuz
56.5%
Yardımlı
55.3%
Kəngərli
54.7%
Siyəzən
53.8%
Ağcabədi
52.4%
Daşkəsən
52.2%
Xocavənd
52.2%
Kürdəmir
51.8%
Zərdab
50.3%

You're not logged in!

Compare scores with friends on all Sporcle quizzes.
OR
Log In

From the Vault

World Landmarks A-Z II

by CCCP

Oh, the places you'll go!
Remove Ads.
Support Sporcle.
Get the best of Sporcle when you Go Orange. This ad-free experience offers more features, more stats, and more fun while also helping to support Sporcle. Thank you for becoming a member.

Show Comments

Extras

Top Quizzes Today


Score Distribution

Your Account Isn't Verified!

In order to create a playlist on Sporcle, you need to verify the email address you used during registration. Go to your Sporcle Settings to finish the process.

Report this User

Report this user for behavior that violates our Community Guidelines.

Details: